000 00778nam a2200277Ia 4500
003 OSt
005 20220918163525.0
006 a|||||r|||| 00| 0
007 ta
008 220917b |||||||| |||| 00| 0 eng d
020 _a0070482950 (pbk)
024 _a233,249
037 _cTextual
040 _aARTS
_cARTS
_beng
041 _2eng
_aeng
082 _aD65, P2
100 _aSudhakar A
_913529
245 0 _aCircuits and network
_b analysis and synthesis
250 _a2nd
260 _aNew Delhi
_bTata McGraw - Hill Publishing Company Limited
_c2002
300 _axix, 831p.
_ccm.
650 _aENGINEERING
_92968
700 _a Palli Shyammohan S.
_913530
942 _hD65, P2
_cTEXL
_2CC
999 _c119921
_d119921